<The> Short review on migration policy in the Slovak Republic

Salvato in:
Dettagli Bibliografici
Autore principale: Vongrej, Marián
Natura: Capitolo di libro
Lingua:inglese
Soggetti:
Tags: Aggiungi Tag
Nessun Tag, puoi essere il primo ad aggiungerne!!

MARC

LEADER 00000naa$a2200000$$$4500
001 0200427
005 20240502083509.4
041 0 |a eng 
044 |a UA 
245 1 0 |a <The> Short review on migration policy in the Slovak Republic  |c Marián Vongrej 
610 2 0 |a Slovensko 
610 2 0 |a Európska únia 
610 2 0 |a migrácia 
610 2 0 |a pohyb síl pracovných medzinárodný 
610 2 0 |a pracovníci zahraniční 
610 2 0 |a dochádzka do práce 
100 1 |a Vongrej, Marián